000 00362 a2200133 4500
000 nam a22 7a 4500
100 _aSarkar, Suvobrata
110 _aSarkar, Suvobrata
245 _aHistory of Science, Technology, Environment, and Medicine in India
250 _aLatest edition
260 _bRoutledge
_c2024
264 _bRoutledge
_c2024
942 _cBK
999 _c394979
_d394979